Týždeň
Gespeichert in:
| Format: | Schriftenreihe |
|---|---|
| Sprache: | Slowakisch |
| Veröffentlicht: |
Bratislava
W PRESS
|
| Schlagworte: | |
| Tags: |
Keine Tags, Fügen Sie das erste Tag hinzu!
|
MARC
| LEADER | 00000nas1a2200000$$$4500 | ||
|---|---|---|---|
| 001 | 0112842 | ||
| 005 | 20250620132944.7 | ||
| 022 | |a 1336-5932 | ||
| 022 | |a 1336-653X | ||
| 041 | 0 | |a slo | |
| 044 | |a SK | ||
| 245 | 1 | 0 | |a Týždeň |
| 264 | 1 | |a Bratislava |b W PRESS | |
| 610 | 2 | 0 | |a vzťahy spoločenské |
| 610 | 2 | 0 | |a politika vnútorná |